000 01150nam a2200253Ia 4500
003 Ost
005 20260507075414.0
008 260507s9999||||xx |||||||||||||| ||und||
020 _a83575695797
040 _cfsecg
041 _aara
082 _a330
100 _aالخفاجي، نعمة عباس
_eمؤلف
245 0 _aاستخدام بطاقة الأداء المتوازن في قياس أداء المصاريف التجارية :
_bمنظور متعدد الابعاد /
_c نعمة عباس الخفاجي
260 _aعمان:
_bدار الايام,
_c2015
300 _a224 صفحة؛
_bإيضاحات ؛
_c25 سم
504 _aالمراجع ص.217
520 _aالاطار النظري الاداء المتوازن -الدراسة التطبيقية -الطريقة والاجراءات -نتائج الدراسة الميدانية -مناقشة نتائج الدراسة والتوصيات
653 _aالإدارة المالية
653 _aالمصارف التجارية
653 _aتقييم الأداء
700 _aياغي، احسان محمد ضمين
_eمؤلف ثانوي
942 _cكتاب
999 _c44438
_d44438